|
|
|
|
| LEADER |
02386nam a2200637 4500 |
| 001 |
ocn881318367 |
| 003 |
OCoLC |
| 005 |
20170124071157.8 |
| 006 |
m o d |
| 007 |
cr ||||||||||| |
| 008 |
140610s2015 si ob 001 0 eng |
| 010 |
|
|
|a 2014022693
|
| 040 |
|
|
|a DLC
|b eng
|e rda
|e pn
|c DLC
|d DG1
|d N$T
|d UMI
|d E7B
|d YDXCP
|d COO
|d DEBBG
|d IEEEE
|d OCLCQ
|d VT2
|d OCLCQ
|d DEBSZ
|d KSU
|d GrThAP
|
| 019 |
|
|
|a 901504941
|a 901579623
|a 908281643
|
| 020 |
|
|
|a 9781118479315
|q (Adobe PDF)
|
| 020 |
|
|
|a 1118479319
|q (Adobe PDF)
|
| 020 |
|
|
|a 9781118479322
|q (ePub)
|
| 020 |
|
|
|a 1118479327
|q (ePub)
|
| 020 |
|
|
|a 9781118479308
|
| 020 |
|
|
|a 1118479300
|
| 020 |
|
|
|a 1118479297
|
| 020 |
|
|
|a 9781118479292
|
| 020 |
|
|
|z 9781118479292
|q (cloth ;
|q alk. paper)
|
| 029 |
1 |
|
|a CHBIS
|b 010442230
|
| 029 |
1 |
|
|a CHVBK
|b 334084075
|
| 029 |
1 |
|
|a DEBBG
|b BV042487448
|
| 029 |
1 |
|
|a DEBSZ
|b 434828467
|
| 029 |
1 |
|
|a GBVCP
|b 817074910
|
| 029 |
1 |
|
|a NLGGC
|b 387318380
|
| 029 |
1 |
|
|a NZ1
|b 15913275
|
| 029 |
1 |
|
|a DEBBG
|b BV043396873
|
| 035 |
|
|
|a (OCoLC)881318367
|z (OCoLC)901504941
|z (OCoLC)901579623
|z (OCoLC)908281643
|
| 037 |
|
|
|a CL0500000547
|b Safari Books Online
|
| 042 |
|
|
|a pcc
|
| 050 |
0 |
0 |
|a TK7870.285
|
| 072 |
|
7 |
|a TEC
|x 009070
|2 bisacsh
|
| 082 |
0 |
0 |
|a 621.3815
|2 23
|
| 049 |
|
|
|a MAIN
|
| 100 |
1 |
|
|a Ibe, Eishi H.
|
| 245 |
1 |
0 |
|a Terrestrial radiation effects in ULSI devices and electronic systems /
|c Eishi H. Ibe.
|
| 264 |
|
1 |
|a Singapore :
|b John Wiley & Sons Inc.,
|c 2015.
|
| 300 |
|
|
|a 1 online resource.
|
| 336 |
|
|
|a text
|b txt
|2 rdacontent
|
| 337 |
|
|
|a computer
|b n
|2 rdamedia
|
| 338 |
|
|
|a online resource
|b nc
|2 rdacarrier
|
| 504 |
|
|
|a Includes bibliographical references and index.
|
| 588 |
0 |
|
|a Print version record and CIP data provided by publisher.
|
| 650 |
|
0 |
|a Electronic circuits
|x Effect of radiation on.
|
| 650 |
|
0 |
|a Integrated circuits
|x Ultra large scale integration
|x Reliability.
|
| 650 |
|
0 |
|a Integrated circuits
|x Effect of radiation on.
|
| 650 |
|
7 |
|a TECHNOLOGY & ENGINEERING
|x Mechanical.
|2 bisacsh
|
| 655 |
|
4 |
|a Electronic books.
|
| 655 |
|
0 |
|a Electronic books.
|
| 776 |
0 |
8 |
|i Print version:
|a Ibe, Eishi H.
|t Terrestrial radiation effects in ULSI devices and electronic systems.
|d Singapore : John Wiley & Sons Inc., 2015
|z 9781118479292
|w (DLC) 2014022262
|
| 856 |
4 |
0 |
|u https://doi.org/10.1002/9781118479308
|z Full Text via HEAL-Link
|
| 994 |
|
|
|a 92
|b DG1
|